000 00197nam a2200085Ia 4500
008 120527s9999 xx 000 0 und d
100 _aI.M.F
245 _aWorld economic outlook May 1994
942 _cBK
999 _c25372
_d25372